00000000nam 2200000zi 4500
0019.945312
003CaOODSP
00520241119134748
006m     o  d f      
007cr |n|||||||||
008241119e197712##qucbd   ob   f000 0 fre d
040 |aCaOODSP|bfre|erda|cCaOODSP
043 |an-cn-qu
0861 |aEn153-119/9F-PDF
1001 |aProvencher, Michel-A., |eauteur.
24510|aÉtude du phytoplancton du fleuve Saint-Laurent et de ses tributaires / |cMichel Provencher.
264 1|a[Québec] : |b[Pêches et Environnement Canada], |cDécembre 1977.
300 |a1 ressource en ligne (270 pages) : |bcartes, graphiques.
336 |atexte|btxt|2rdacontent/fre
337 |ainformatique|bc|2rdamedia/fre
338 |aressource en ligne|bcr|2rdacarrier/fre
4901 |aRapport technique ; |vNo. 9
500 |aÉdition numérisée de l’imprimé [par Environnement et Changement climatique Canada].
500 |a« Rapport soumis au Comité d'étude sur le fleuve Saint-Laurent par le Ministère des richesses naturelles. »
504 |aComprend des références bibliographiques (pages 269-270).
520 |a« Ce rapport, utilisant les données recueillies à l'été 1976, recherche surtout la compréhension des phénomènes de production primaire phytoplanctonique des berges et des tributaires du Saint-Laurent. Nous espérons ainsi compléter l'étude algologique de la voie maritime du même fleuve, entreprise en 1975 »--Introduction.
650 6|aPhytoplancton|zSaint-Laurent, Bassin du.
650 6|aPhytoplancton|zSaint-Laurent (Fleuve)
650 0|aPhytoplankton|zSaint Lawrence River Watershed.
650 0|aPhytoplankton|zSaint Lawrence River.
7102 |aComité d'étude sur le fleuve Saint-Laurent (Canada), |eorganisme de publication.
7101 |aCanada. |bPêches et environnement Canada, |eorganisme de publication.
7101 |aQuébec (Province). |bMinistère des richesses naturelles, |eorganisme de publication.
830#0|aRapport technique (Comité d'étude sur le fleuve Saint-Laurent (Canada))|vNo. 9.|w(CaOODSP)9.939021
85640|qPDF|s3340 Ko|uhttps://publications.gc.ca/collections/collection_2024/eccc/en153/En153-119-9-fra.pdf